[Event "Skopje op-B"]
[Site "Skopje"]
[Date "2023.12.11"]
[Round "8"]
[White "Zivkovic, Momcilo"]
[Black "Melnik, Stefan"]
[Result "1/2-1/2"]
[WhiteElo "1973"]
[BlackElo "1532"]
[PlyCount "34"]
[EventDate "2023.12.06"]
[EventType "swiss"]
[EventRounds "9"]
[EventCountry "MKD"]
[SourceTitle "CB51_2023"]
[SourceDate "2023.12.20"]
[SourceVersion "1"]
[SourceVersionDate "2023.12.20"]
[SourceQuality "1"]

1. e4 e5 2. Nf3 Nf6 3. Bc4 Bc5 4. 0-0 d6 5. h3 Nc6 6. d3 h6 7. c3 0-0 8. a4 a5 9. Nbd2 Be6 10. Re1 Qd7 11. Bxe6 fxe6 12. Nf1 Ba7 13. Ng3 Ne7 14. d4 exd4 15. cxd4 Rad8 16. Be3 Ng6 17. Qb3 Qc8 1/2-1/2

[Event "Skopje op-B"]
[Site "Skopje"]
[Date "2023.12.09"]
[Round "5"]
[White "Zivkovic, Momcilo"]
[Black "Jancev, Valentin"]
[Result "1-0"]
[WhiteElo "1973"]
[BlackElo "1643"]
[PlyCount "73"]
[EventDate "2023.12.06"]
[EventType "swiss"]
[EventRounds "9"]
[EventCountry "MKD"]
[SourceTitle "CB51_2023"]
[SourceDate "2023.12.20"]
[SourceVersion "1"]
[SourceVersionDate "2023.12.20"]
[SourceQuality "1"]

1. e4 e6 2. d4 d5 3. e5 b6 4. c3 Qd7 5. a4 Ba6 6. Bxa6 Nxa6 7. Nf3 c5 8. 0-0 Nc7 9. Na3 cxd4 10. Nxd4 Bxa3 11. Rxa3 Ne7 12. Qg4 g6 13. Bg5 h5 14. Qf4 Nf5 15. Bf6 Rg8 16. h3 Rc8 17. Rc1 Na6 18. b4 Rc4 19. Qd2 Nxd4 20. cxd4 Qc8 21. Rac3 Kd7 22. Rxc4 dxc4 23. b5 Nb8 24. Qb4 Qf8 25. Qxc4 Qc8 26. Qf1 Qb7 27. Rd1 Qd5 28. Qe1 Rc8 29. Qb4 Kc7 30. a5 Nd7 31. Be7 Kb7 32. axb6 axb6 33. Ra1 Ra8 34. Rxa8 Kxa8 35. Qa4+ Kb8 36. Bd6+ Kc8 37. Qc2+ 1-0

[Event "Skopje op-B"]
[Site "Skopje"]
[Date "2023.12.08"]
[Round "3"]
[White "Atanasovski, Blazhe"]
[Black "Zivkovic, Momcilo"]
[Result "1/2-1/2"]
[WhiteElo "1683"]
[BlackElo "1973"]
[PlyCount "93"]
[EventDate "2023.12.06"]
[EventType "swiss"]
[EventRounds "9"]
[EventCountry "MKD"]
[SourceTitle "CB51_2023"]
[SourceDate "2023.12.20"]
[SourceVersion "1"]
[SourceVersionDate "2023.12.20"]
[SourceQuality "1"]

1. e4 c5 2. Nf3 Nc6 3. d4 cxd4 4. Nxd4 g6 5. c3 Bg7 6. Nxc6 bxc6 7. Bc4 d6 8. 0-0 Nf6 9. Re1 0-0 10. Nd2 d5 11. exd5 cxd5 12. Bb3 a5 13. Nf3 e6 14. c4 Bb7 15. Be3 a4 16. Bxa4 dxc4 17. Bb5 Qxd1 18. Rexd1 Nd5 19. Bxc4 Bxb2 20. Rab1 Nc3 21. Rxb2 Bxf3 22. Rc1 Na4 23. Rb4 Bd5 24. Bxd5 exd5 25. Bd4 Rfb8 26. a3 f5 27. Rc7 Rxb4 28. axb4 Rb8 29. Bc5 Nxc5 30. Rxc5 Rxb4 31. Kf1 Rd4 32. Rc7 g5 33. Ke2 Ra4 34. Rd7 Ra5 35. h3 h6 36. g3 Kf8 37. Ke3 Ke8 38. Rh7 Ra3+ 39. Kd4 Rf3 40. Rxh6 Kf7 41. Rd6 Rxf2 42. Ke3 Rh2 43. h4 gxh4 44. gxh4 Rxh4 45. Rxd5 Kf6 46. Rd8 Ra4 47. Kf3 1/2-1/2

[Event "Pozarevac Rudar FM 11"]
[Site "Pozarevac"]
[Date "2023.11.02"]
[Round "4.4"]
[White "Ilic, Mia"]
[Black "Zivkovic, Momcilo"]
[Result "0-1"]
[WhiteElo "1541"]
[BlackElo "1987"]
[PlyCount "22"]
[EventDate "2023.10.30"]
[EventType "schev"]
[EventRounds "8"]
[EventCountry "SRB"]
[SourceTitle "CB46_2023"]
[SourceDate "2023.11.15"]
[SourceVersion "1"]
[SourceVersionDate "2023.11.15"]
[SourceQuality "1"]
[WhiteTeam "Team B"]
[BlackTeam "Team A"]
[WhiteTeamCountry "SRB"]
[BlackTeamCountry "SRB"]

1. d4 d5 2. c4 Bf5 3. Nc3 e6 4. cxd5 exd5 5. Qb3 Nc6 6. Nf3 Nf6 7. Bf4 Na5 8. Qd1 c6 9. e3 Qb6 10. Na4 Qb4+ 11. Nd2 Ne4 0-1

[Event "Pozarevac Rudar 7th"]
[Site "Pozarevac"]
[Date "2022.12.19"]
[Round "9"]
[White "Shoshin, Kirill"]
[Black "Zivkovic, Momcilo"]
[Result "1-0"]
[WhiteElo "2280"]
[BlackElo "2035"]
[PlyCount "105"]
[EventDate "2022.12.12"]
[EventType "tourn"]
[EventRounds "9"]
[EventCountry "SRB"]
[SourceTitle "CBM 211 Extra"]
[Source "ChessBase"]
[SourceDate "2023.01.31"]
[SourceVersion "1"]
[SourceVersionDate "2023.01.31"]
[SourceQuality "1"]

1. d4 d5 2. c4 Nc6 3. e3 Nf6 4. Nf3 e6 5. Nbd2 Bb4 6. Bd3 0-0 7. 0-0 Bxd2 8. Bxd2 a6 9. Qc2 Qe7 10. a3 dxc4 11. Qxc4 e5 12. Nxe5 Nxe5 13. dxe5 Qxe5 14. Bc3 Qd5 15. Bxf6 Qxc4 16. Bxc4 gxf6 17. Rfd1 Be6 18. Bxe6 fxe6 19. Rd7 Rf7 20. Rad1 Re8 21. f4 Kf8 22. R7d3 f5 23. Kf2 c5 24. Rd6 Rc7 25. e4 fxe4 26. Ke3 c4 27. Kxe4 c3 28. bxc3 Rxc3 29. a4 Kf7 30. g4 Re7 31. h4 Rc4+ 32. R1d4 Rc1 33. Rb4 Rec7 34. g5 a5 35. Rb5 Ke7 36. Rdb6 R1c4+ 37. Kf3 Rxa4 38. Rxb7 Kd7 39. Kg4 Kc8 40. Rb8+ Kd7 41. Ra8 Rcc4 42. Rf8 Re4 43. Rb7+ Kd6 44. Rxh7 Re1 45. g6 Rg1+ 46. Kh5 Rb4 47. g7 Rb7 48. Kh6 Rh1 49. h5 Rb5 50. f5 Rg1 51. g8Q Rxg8 52. Rxg8 Rxf5 53. Rg5 1-0

[Event "Pozarevac Rudar 7th"]
[Site "Pozarevac"]
[Date "2022.12.15"]
[Round "5"]
[White "Denishev, Marat"]
[Black "Zivkovic, Momcilo"]
[Result "1-0"]
[WhiteElo "2179"]
[BlackElo "2035"]
[PlyCount "71"]
[EventDate "2022.12.12"]
[EventType "tourn"]
[EventRounds "9"]
[EventCountry "SRB"]
[SourceTitle "CBM 211 Extra"]
[Source "ChessBase"]
[SourceDate "2023.01.31"]
[SourceVersion "1"]
[SourceVersionDate "2023.01.31"]
[SourceQuality "1"]

1. d4 Nf6 2. Nf3 d5 3. c4 e6 4. g3 c5 5. cxd5 exd5 6. Bg2 Nc6 7. 0-0 cxd4 8. Nxd4 Bc5 9. Nb3 Be7 10. Nc3 Be6 11. Bg5 0-0 12. Rc1 Rc8 13. Rc2 d4 14. Rd2 Bxb3 15. Qxb3 Qa5 16. Bxf6 Bxf6 17. Ne4 Bd8 18. Rc2 Bb6 19. Nd6 Rb8 20. Rfc1 Qh5 21. Bf3 Qg6 22. Nxb7 Rxb7 23. Rxc6 Qg5 24. h4 Qe5 25. Kg2 Rbb8 26. Qd3 Rbd8 27. b4 Rd6 28. a4 Rxc6 29. Rxc6 Rb8 30. Qa6 Qe7 31. a5 Bd8 32. b5 Qb4 33. Qxa7 Qxb5 34. Qd7 g6 35. a6 Ra8 36. Rxg6+ 1-0

[Event "Pozarevac Rudar 6th"]
[Site "Pozarevac"]
[Date "2022.12.07"]
[Round "4"]
[White "Zivkovic, Momcilo"]
[Black "Bryakin, Mikhail"]
[Result "0-1"]
[WhiteElo "2035"]
[BlackElo "2437"]
[PlyCount "60"]
[EventDate "2022.12.04"]
[EventType "tourn"]
[EventRounds "9"]
[EventCountry "SRB"]
[EventCategory "1"]
[SourceTitle "CBM 211 Extra"]
[Source "ChessBase"]
[SourceDate "2023.01.31"]
[SourceVersion "1"]
[SourceVersionDate "2023.01.31"]
[SourceQuality "1"]

1. e4 c6 2. d4 d5 3. e5 Bf5 4. h4 h5 5. c4 e6 6. Nc3 Ne7 7. Nge2 dxc4 8. Ng3 b5 9. Bg5 Qd7 10. Be2 Na6 11. 0-0 Nb4 12. Nce4 Bxe4 13. Nxe4 Nf5 14. Be3 Be7 15. g3 g6 16. a3 Nd5 17. Bg5 Rd8 18. Qd2 Kf8 19. Rfd1 Kg7 20. Bf3 Qc7 21. Qe2 Bxg5 22. Nxg5 Nde7 23. Qe4 Rd7 24. Qf4 Rhd8 25. Be4 Rxd4 26. Rxd4 Rxd4 27. Nf3 Nd5 28. Nxd4 Nxf4 29. Nxf5+ exf5 30. gxf4 fxe4 0-1

[Event "Pozarevac Rudar 6th"]
[Site "Pozarevac"]
[Date "2022.12.06"]
[Round "3"]
[White "Mushini, Ajay"]
[Black "Zivkovic, Momcilo"]
[Result "0-1"]
[WhiteElo "2265"]
[BlackElo "2035"]
[PlyCount "160"]
[EventDate "2022.12.04"]
[EventType "tourn"]
[EventRounds "9"]
[EventCountry "SRB"]
[EventCategory "1"]
[SourceTitle "CBM 211 Extra"]
[Source "ChessBase"]
[SourceDate "2023.01.31"]
[SourceVersion "1"]
[SourceVersionDate "2023.01.31"]
[SourceQuality "1"]

1. e4 c5 2. Nf3 e6 3. d4 cxd4 4. Nxd4 Nf6 5. Nc3 d6 6. Be3 Be7 7. f3 Nc6 8. Qd2 d5 9. exd5 Nxd5 10. Nxd5 exd5 11. 0-0-0 0-0 12. Kb1 Bf6 13. Bb5 Bd7 14. Nb3 Be6 15. Bc5 Re8 16. g4 a6 17. Bxc6 bxc6 18. Rhg1 a5 19. a4 Be7 20. f4 Bxc5 21. Nxc5 Qd6 22. Qf2 Rab8 23. f5 Bc8 24. h4 Rb4 25. Rge1 Rd8 26. Rg1 Rf4 27. Qg3 Rc4 28. Qxd6 Rxd6 29. Nb3 Rxa4 30. Rde1 Kf8 31. Re5 Rd8 32. Re3 Bd7 33. Nc5 Rc4 34. Nb7 Re8 35. Rxe8+ Bxe8 36. Nxa5 Ra4 37. Nb3 h5 38. gxh5 Rxh4 39. Rg5 f6 40. Rg3 Rxh5 41. Nd4 Bd7 42. b4 Kf7 43. Kb2 Rg5 44. Ra3 Rg4 45. c3 g5 46. Ra7 Ke8 47. Ra8+ Ke7 48. Ra7 Kd6 49. Ra6 Ke5 50. Ra7 Rg2+ 51. Kb3 Bxf5 52. Nxc6+ Kd6 53. Nd4 Bd3 54. Ra1 Bc4+ 55. Ka3 g4 56. Nf5+ Kc6 57. Ne3 Rg3 58. Nxc4 Rxc3+ 59. Ka4 Rxc4 60. Rf1 Kd6 61. Rxf6+ Ke5 62. Rg6 Kf5 63. Rg8 d4 64. Kb5 Rc3 65. Ka4 d3 66. b5 Rc4+ 67. Kb3 Rd4 68. Kc3 d2 69. Kxd4 d1Q+ 70. Kc5 Qc2+ 71. Kb6 g3 72. Kb7 Qe4+ 73. Ka7 Qa4+ 74. Kb6 Kf4 75. Kc5 Qa3+ 76. Kc6 Qb3 77. Rf8+ Kg4 78. b6 Qc4+ 79. Kb7 g2 80. Rf6 Qe4+ 0-1

[Event "Skopje op"]
[Site "Skopje"]
[Date "2019.12.09"]
[Round "6"]
[White "Zlatanovic, Boroljub"]
[Black "Zivkovic, Momcilo"]
[Result "1-0"]
[WhiteElo "2365"]
[BlackElo "2054"]
[PlyCount "55"]
[EventDate "2019.12.06"]
[EventType "swiss"]
[EventRounds "9"]
[EventCountry "MKD"]
[SourceTitle "CBM 193 Extra"]
[Source "ChessBase"]
[SourceDate "2020.01.31"]
[SourceVersion "1"]
[SourceVersionDate "2020.01.31"]
[SourceQuality "1"]

1. Nc3 d5 2. e4 c6 3. d4 e6 4. Nf3 Nf6 5. Bd3 Be7 6. 0-0 a6 7. Bg5 h6 8. Bf4 b5 9. a3 Bb7 10. Qe2 g5 11. Bd2 c5 12. dxc5 Bxc5 13. exd5 Nxd5 14. Rad1 Rg8 15. Be4 g4 16. Ne5 g3 17. hxg3 Rxg3 18. Qh5 Qf6 19. Bxd5 exd5 20. Be3 Bxe3 21. fxe3 Qg7 22. Rxf7 Rxg2+ 23. Kh1 Rg5 24. Rxg7+ Rxh5+ 25. Kg1 Rg5+ 26. Rxg5 hxg5 27. Nxd5 Nc6 28. Nc7+ 1-0

[Event "Skopje op"]
[Site "Skopje"]
[Date "2019.12.07"]
[Round "2"]
[White "Zivkovic, Momcilo"]
[Black "Stanojoski, Zvonko"]
[Result "0-1"]
[WhiteElo "2054"]
[BlackElo "2457"]
[PlyCount "76"]
[EventDate "2019.12.06"]
[EventType "swiss"]
[EventRounds "9"]
[EventCountry "MKD"]
[SourceTitle "CBM 193 Extra"]
[Source "ChessBase"]
[SourceDate "2020.01.31"]
[SourceVersion "1"]
[SourceVersionDate "2020.01.31"]
[SourceQuality "1"]

1. e4 c5 2. c3 Nf6 3. e5 Nd5 4. d4 cxd4 5. Nf3 e6 6. cxd4 d6 7. Bd2 Nc6 8. Nc3 dxe5 9. dxe5 Be7 10. Bc4 0-0 11. 0-0 Nb6 12. Bb3 Nd7 13. Qe2 Nc5 14. Bc2 b6 15. Rfd1 Ba6 16. Nb5 Bxb5 17. Qxb5 Qc7 18. b4 a6 19. Qe2 Nd7 20. Rac1 Rac8 21. Be4 Ndb8 22. a4 Qa7 23. b5 Na5 24. Ng5 h6 25. Qh5 Rxc1 26. Bxc1 Qc7 27. Nf3 Rd8 28. Re1 Bf8 29. Be3 axb5 30. axb5 Nc4 31. Bc1 Nd7 32. Bf4 Nc5 33. g4 Nxe4 34. Rxe4 Qb7 35. Rd4 Rxd4 36. Nxd4 Qe4 37. Nxe6 fxe6 38. Bg3 Nd2 0-1

[Event "Belgrade ChessAmateur op 5th"]
[Site "Belgrade"]
[Date "2019.01.10"]
[Round "9"]
[White "Zivkovic, Momcilo"]
[Black "Radeva, Viktoria"]
[Result "1/2-1/2"]
[WhiteElo "2059"]
[BlackElo "2196"]
[PlyCount "45"]
[EventDate "2019.01.04"]
[EventType "swiss"]
[EventRounds "9"]
[EventCountry "SRB"]
[SourceTitle "CBM 188 Extra"]
[Source "ChessBase"]
[SourceDate "2019.02.26"]
[SourceVersion "1"]
[SourceVersionDate "2019.02.26"]
[SourceQuality "1"]

1. e4 e6 2. d4 d5 3. e5 c5 4. c3 Nc6 5. Nf3 Nge7 6. Bd3 cxd4 7. cxd4 Nf5 8. Bxf5 exf5 9. 0-0 Be7 10. Nc3 Be6 11. a3 0-0 12. b4 Rc8 13. Bd2 h6 14. Ne2 Qd7 15. h4 Rc7 16. Qb3 Rfc8 17. Rac1 Qd8 18. g3 Nb8 19. Rxc7 Rxc7 20. Nc3 Rc4 21. Ne2 Nd7 22. a4 Qf8 23. Rb1 1/2-1/2

[Event "Belgrade ChessAmateur op 5th"]
[Site "Belgrade"]
[Date "2019.01.09"]
[Round "8"]
[White "Maksimovic, Branimir"]
[Black "Zivkovic, Momcilo"]
[Result "1-0"]
[WhiteElo "2314"]
[BlackElo "2059"]
[PlyCount "89"]
[EventDate "2019.01.04"]
[EventType "swiss"]
[EventRounds "9"]
[EventCountry "SRB"]
[SourceTitle "CBM 188 Extra"]
[Source "ChessBase"]
[SourceDate "2019.02.26"]
[SourceVersion "1"]
[SourceVersionDate "2019.02.26"]
[SourceQuality "1"]

1. c4 Nf6 2. Nf3 e6 3. Nc3 d5 4. e3 c6 5. b3 Bd6 6. Qc2 Nbd7 7. Bb2 Qe7 8. Be2 Ba3 9. Bxa3 Qxa3 10. 0-0 0-0 11. d4 dxc4 12. bxc4 Rd8 13. e4 Nf8 14. e5 N6d7 15. Ne4 f6 16. c5 Ng6 17. exf6 Nxf6 18. Nxf6+ gxf6 19. Bd3 Kg7 20. Bxg6 hxg6 21. Nh4 f5 22. Rad1 Rh8 23. Nf3 Bd7 24. Rfe1 Kg8 25. Ne5 Be8 26. Nc4 Qa6 27. Re3 b5 28. cxb6 axb6 29. Ra3 Qxa3 30. Nxa3 Rxa3 31. Rb1 b5 32. Re1 Rh4 33. Qc5 Rxa2 34. Qe7 Re4 35. Qxe8+ Kh7 36. Kf1 Rxd4 37. Qf7+ Kh6 38. Qf8+ Kh7 39. Rxe6 Rd1+ 40. Re1 Rxe1+ 41. Kxe1 Rc2 42. h4 Rc4 43. h5 g5 44. Qxf5+ Kh6 45. f4 1-0

[Event "Paracin Summer op-B 11th"]
[Site "Paracin"]
[Date "2018.07.12"]
[Round "8"]
[White "Shoshin, Kirill"]
[Black "Zivkovic, Momcilo"]
[Result "0-1"]
[WhiteElo "1875"]
[BlackElo "2063"]
[PlyCount "119"]
[EventDate "2018.07.06"]
[EventType "swiss"]
[EventRounds "9"]
[EventCountry "SRB"]
[SourceTitle "EXT 2019"]
[Source "ChessBase"]
[SourceDate "2018.10.10"]
[SourceVersion "1"]
[SourceVersionDate "2018.10.10"]
[SourceQuality "1"]

1. d4 d5 2. c4 Nc6 3. e3 e6 4. Nc3 Nf6 5. Nf3 a6 6. b3 Bb4 7. Bb2 Ne4 8. Qc2 0-0 9. a3 Bxc3+ 10. Bxc3 Nxc3 11. Qxc3 Ne7 12. Bd3 b6 13. 0-0 a5 14. e4 Bb7 15. cxd5 exd5 16. e5 Bc8 17. Rfc1 c6 18. h3 h6 19. Nh2 Ra7 20. f4 f5 21. exf6 Rxf6 22. g4 Qd6 23. Qd2 c5 24. Qe3 Rc7 25. Qe5 Re6 26. Qxd6 Rxd6 27. Nf3 Be6 28. f5 Bf7 29. Ne5 a4 30. b4 c4 31. Bc2 b5 32. Re1 Nc8 33. Kg2 Rd8 34. h4 Nd6 35. Kg3 c3 36. Re3 Nc4 37. Kf4 Nd2 38. Rc1 Rdc8 39. Rd3 Kf8 40. Re1 Ne4 41. g5 Bh5 42. Rxe4 dxe4 43. Kxe4 Bf7 44. d5 Re8 45. Kf4 Rd8 46. d6 Rcc8 47. d7 Rc7 48. Re3 h5 49. g6 Bb3 50. Re2 Rcxd7 51. Nxd7+ Rxd7 52. Re3 Bxc2 53. Rxc3 Rd4+ 54. Ke5 Rc4 55. Rh3 Bb3 56. Rh2 Ke7 57. f6+ gxf6+ 58. Kf5 Kd7 59. Kxf6 Rg4 60. g7 0-1

[Event "Paracin Summer op-B 11th"]
[Site "Paracin"]
[Date "2018.07.10"]
[Round "6"]
[White "Ivanov, Igor2222"]
[Black "Zivkovic, Momcilo"]
[Result "0-1"]
[WhiteElo "1841"]
[BlackElo "2063"]
[PlyCount "62"]
[EventDate "2018.07.06"]
[EventType "swiss"]
[EventRounds "9"]
[EventCountry "SRB"]
[SourceTitle "EXT 2019"]
[Source "ChessBase"]
[SourceDate "2018.10.10"]
[SourceVersion "1"]
[SourceVersionDate "2018.10.10"]
[SourceQuality "1"]

1. c4 c5 2. Nf3 Nf6 3. Nc3 Nc6 4. g3 g6 5. Bg2 Bg7 6. 0-0 0-0 7. d4 cxd4 8. Nxd4 Qb6 9. e3 d6 10. b3 a6 11. Bb2 Rb8 12. Nde2 Ne5 13. Nf4 Nxc4 14. Bc1 Qa5 15. Qd4 Nh5 16. Qxc4 Qxc3 17. Qxc3 Bxc3 18. Rb1 Nxf4 19. gxf4 Bg4 20. Bb2 Bxb2 21. Rxb2 Rfc8 22. Be4 Rc7 23. Kg2 Rbc8 24. Kg3 Bd7 25. f3 b6 26. a3 a5 27. Rd1 Rc3 28. Kf2 Be6 29. Bd5 Rc2+ 30. Rxc2 Rxc2+ 31. Kg3 Rc3 0-1

[Event "Silver Lake op-B"]
[Site "Veliko Gradiste"]
[Date "2018.06.19"]
[Round "4"]
[White "Brankovan, Mario"]
[Black "Zivkovic, Momcilo"]
[Result "1-0"]
[WhiteElo "1918"]
[BlackElo "2055"]
[PlyCount "99"]
[EventDate "2018.06.17"]
[EventType "swiss"]
[EventRounds "9"]
[EventCountry "SRB"]
[SourceTitle "EXT 2019"]
[Source "ChessBase"]
[SourceDate "2018.10.10"]
[SourceVersion "1"]
[SourceVersionDate "2018.10.10"]
[SourceQuality "1"]

1. d4 d5 2. Nf3 Nf6 3. Bg5 Ne4 4. Bh4 c6 5. Nfd2 Nd6 6. e3 Qb6 7. b3 Nf5 8. Bg3 Nxg3 9. hxg3 g6 10. Bd3 Bg7 11. Nc3 Qa5 12. Ne2 c5 13. a3 Bg4 14. f3 Bc8 15. c3 cxd4 16. b4 Qb6 17. cxd4 e5 18. Rc1 Nc6 19. Nb3 0-0 20. b5 Ne7 21. a4 Nf5 22. Bxf5 Bxf5 23. g4 Be6 24. Qd3 e4 25. Qd2 exf3 26. gxf3 a6 27. Rc5 axb5 28. Rxb5 Qd8 29. a5 Qe7 30. Nc5 Bc8 31. Nf4 Rd8 32. Kf2 Ra7 33. Rhb1 Qc7 34. Kg2 Bh6 35. Ncd3 Be6 36. Nxe6 fxe6 37. Rc5 Qe7 38. Rbc1 Bf8 39. Ne5 Qh4 40. Rh1 Qf6 41. Rc7 h6 42. Nf7 Qxf7 43. Rxf7 Kxf7 44. Qc3 Re8 45. Qc7+ Re7 46. Qb6 Ra6 47. Qd8 Rc6 48. g5 Rc2+ 49. Kg3 h5 50. Rh4 1-0

[Event "Skopje U2200 op"]
[Site "Skopje"]
[Date "2017.12.07"]
[Round "1"]
[White "Zivkovic, Momcilo"]
[Black "Stojanovski, Zoran"]
[Result "0-1"]
[WhiteElo "2111"]
[BlackElo "1839"]
[PlyCount "41"]
[EventDate "2017.12.07"]
[EventType "swiss"]
[EventRounds "7"]
[EventCountry "MKD"]
[SourceTitle "CBM 182 Extra"]
[Source "ChessBase"]
[SourceDate "2018.02.23"]
[SourceVersion "1"]
[SourceVersionDate "2018.02.23"]
[SourceQuality "1"]

1. e4 d6 2. d4 Nf6 3. Nc3 Nbd7 4. Be3 e5 5. dxe5 dxe5 6. Bc4 Be7 7. f3 c6 8. g4 0-0 9. Nge2 Nc5 10. 0-0 Qc7 11. Qe1 a5 12. Qf2 b6 13. Ng3 Rb8 14. Nf5 Bxf5 15. exf5 e4 16. Kh1 Qe5 17. fxe4 Nfxe4 18. Qf4 Bd6 19. Nxe4 Nxe4 20. Qxe5 Bxe5 21. Rad1 0-1

[Event "Paracin Summer op-B 10th"]
[Site "Paracin"]
[Date "2017.07.07"]
[Round "1"]
[White "Zivkovic, Momcilo"]
[Black "Koljevic, Nikolina"]
[Result "0-1"]
[WhiteElo "2080"]
[BlackElo "1748"]
[PlyCount "106"]
[EventDate "2017.07.07"]
[EventType "swiss"]
[EventRounds "9"]
[EventCountry "SRB"]
[SourceTitle "EXT 2020"]
[Source "ChessBase"]
[SourceDate "2019.10.17"]
[SourceVersion "1"]
[SourceVersionDate "2019.10.17"]
[SourceQuality "1"]

1. e4 c5 2. c3 d5 3. exd5 Qxd5 4. Nf3 Nc6 5. d4 Bf5 6. Be2 e6 7. 0-0 Nf6 8. Na3 Be7 9. Nb5 Rc8 10. dxc5 Bxc5 11. Bf4 0-0 12. Bd6 Bxd6 13. Nxd6 Rcd8 14. Nxb7 Rb8 15. Ba6 Be4 16. b3 Ne5 17. Nxe5 Qxe5 18. Qd6 Qg5 19. f3 Bxb7 20. Bxb7 Rxb7 21. f4 Qb5 22. c4 Qb6+ 23. Qxb6 Rxb6 24. Rad1 g6 25. Rf3 a5 26. Rd4 Rc8 27. Rfd3 Kg7 28. Rd8 Rxd8 29. Rxd8 a4 30. c5 Rb5 31. c6 Nd5 32. bxa4 Rc5 33. Rc8 Nb4 34. Kf2 Rxc6 35. Rxc6 Nxc6 36. Ke3 Kf6 37. Kd3 Ke7 38. Kc4 Kd6 39. Kb5 Kc7 40. a5 f6 41. a6 h6 42. Kc5 Na7 43. g4 Nc8 44. a4 Nb6 45. a7 Na8 46. h4 Kd7 47. a5 Kc7 48. Kd4 Kc6 49. Ke4 Kd6 50. Kd4 e5+ 51. Kd3 Kd5 52. h5 gxh5 53. gxh5 e4+ 0-1